Rosa Juventus FC 2025-2026 - Statistics

Statistiche generali
  • Questo quiz è stato fatto 156 volte
    154 dall'ultimo reset
  • Il punteggio medio è 26 su 27
Statistiche sulle risposte
Ruolo N° Maglia Nazionalità Calciatore % Corretto
A 14 I Arkadiusz Milik
100%
P 1 I Mattia Perin
100%
P 16 I Michele Di Greorio
100%
P 23 I Carlo Pinsoglio
98%
A 9 I Dušan Vlahović
98%
D 4 I Federico Gatti
98%
D 3 I Gleison Bremer
98%
A 30 I Jonathan Christian David
98%
A 10 I Kenan Yıldız
98%
C 5 I Manuel Locatelli
98%
D 15 I Pierre Kalulu
98%
C 22 I Weston McKennie
98%
C 19 I Khéphren Thuram
97%
A 20 I Loïs Openda
97%
Allenatore - I Luciano Spalletti
97%
A 11 I Edon Zhegrova
95%
A 7 I Francisco Conceição
95%
Allenatore 1 - i Igor Tudor
95%
D 32 I Juan David Cabal
95%
D 6 I Lloyd Kelly
95%
C 8 I Teun Koopmeiners
95%
C 17 I Vasilije Adžić
92%
C 27 I Andrea Cambiaso
91%
C 21 I Fabio Miretti
91%
C 18 I Filip Kostić
91%
A 13 I Jeremie Boga
88%
D 2 I Emil Holm
85%
Nessun quiz corrispondente trovato
Distribuzione punteggi
Percentuale di utenti per punteggio
Percentile per numero di risposta
I tuoi punteggi nel tempo
Non hai fatto questo quiz dall'ultimo reset